Las venas abiertas de América Latina

Guardat en:
Dades bibliogràfiques
Autor principal: Galeano, Eduardo (Autor)
Format: Llibre
Idioma:espanyol
Publicat: Ciudad de México Siglo Veintiuno 1999
Edició:71a. ed
Col·lecció:Historia Inmediata
Matèries:
Etiquetes: Afegir etiqueta
Sense etiquetes, Sigues el primer a etiquetar aquest registre!

MARC

LEADER 00000nam a2200000 a 4500
001 UCM1219
003 CL-VaPUC
008 020328e19990000MX |||||||||||||||||spa|d
082 0 4 |a 330.98  |b GAL  |2 21 
100 |a Galeano, Eduardo  |e author  |9 599485 
245 1 4 |a Las venas abiertas de América Latina 
250 |a 71a. ed 
300 |a 486 p 
942 |c BK 
945 |d 20020328 00:00:00  |a vberengu 
260 |a Ciudad de México  |b Siglo Veintiuno  |c 1999 
650 0 |a Condiciones económicas  |9 258255 
650 0 |a Condiciones sociales   |9 257278 
651 0 |a América Latina   |9 255027 
583 |a last modification  |c 20020328 00:00:00  |k Rodrigo Vera 
490 0 |a Historia Inmediata 
999 |c 299818  |d 299816 
952 |0 0  |1 0  |4 0  |6 330_980000000000000_GAL_1999  |7 0  |8 A  |9 356770  |a BIBCUR  |b BIBCUR  |d 2019-11-21  |i 3803252  |l 2  |m 3  |o 330.98 GAL 1999  |p 3803252  |r 2025-04-22  |s 2024-03-25  |w 2019-11-21  |y BK  |k PER